000 00606cam a22002171 4500
001 sa 68020041
003 DLC
005 20260227112721.0
008 890425s1967 ii a 000 0 sndo
010 _asa 68020041
035 _a(OCoLC)19598828
040 _aDLC
_cWaU
_dDLC
042 _apremarc
050 0 0 _aDS481.G47
_bS5
100 1 _aSharma, Vishnu,
_d1894-
245 1 0 _aḌākṭaru Coʼithirāmu Partāburāʼi Gidvāṇī jī jīvanī.
260 _c[1967]
300 _a308 p.
_billus.
_c19 cm.
500 _aIn Sindhi.
600 1 0 _aGidvāṇī, Coʼithirāmu Partāburāʼi,
_d1889-1957.
999 _c89218
_d89218